000 00306nam a22001337a 4500
008 181009b xxu||||| |||| 00| 0 eng d
020 _a9781111538910
041 _aeng
080 _22nd
_a710
100 _a44
101 _aART
245 _aContemporary Color Theory & Use
_cBleicher,S
942 _2udc
_cBK
999 _c49169
_d49169